000 00530nam a22001817a 4500
003 OSt
005 20140310181715.0
008 121214t xxu||||| |||| 00| 0 eng d
020 _a9781843301622
050 _aSB 484
_b.H631 2009
082 _aFIL 719.32
_bHi52 2000
100 _aHicks, Nigel
245 _aThe National parks and other wild places of the Philippines /
_cNigel Hicks.
260 _aLondon :
_bNew Holland Publishers,
_c2009.
300 _a176 p. :
_bcol. ill. ;
_c30 cm.
942 _2lcc
_cBK
999 _c1733
_d1733